| 000 | 01059nam a2200325 a 4500 | ||
|---|---|---|---|
| 001 | 000007137 | ||
| 003 | DO-SdBNP | ||
| 005 | 20210917101210.0 | ||
| 007 | 000007137 | ||
| 008 | 090717s2009 dr 001 0 spa d | ||
| 020 | _z999347696X | ||
| 040 |
_aBPMSU _bspa _cBPMSU |
||
| 082 | 0 | 4 |
_a923.57293 _bG633C, 2009 |
| 100 | 1 |
_aCassá, Roberto, _d1942- |
|
| 245 | 1 | 0 |
_aMáximo Gómez : _blibertador de Cuba / _cRoberto Cassá ; ilustración Ramiro Manzano. |
| 250 | _a3a. ed. | ||
| 260 |
_aSanto Domingo : _bTobogán, _c2009 |
||
| 300 |
_a65 p. : _bil. ; _c21 cm. |
||
| 490 | 1 | _aBiografías dominicanas Tobogán | |
| 504 | _aBibliografía : p. 65 | ||
| 600 | 1 | 4 |
_aGÓMEZ, MÁXIMO, _d1836-1905 |
| 650 | 4 |
_aREVOLUCIONARIOS _zCUBA _xBIOGRAFÍAS |
|
| 651 | 4 |
_aCUBA _xHISTORIA _yGUERRA DE INDEPENDENCIA, 1895-1898 |
|
| 651 | 4 |
_aREPÚBLICA DOMINICANA _xHISTORIA |
|
| 700 | 1 |
_aManzano, Ramiro, _eil. |
|
| 830 | 0 | _aBiografías dominicanas Tobogán. | |
| 910 | _aValidado. Control de calidad MFF | ||
| 942 |
_2ddc _cMP |
||
| 945 | _aTitulo remanejado para BNPHU | ||
| 999 |
_c7462 _d7462 |
||